| 000 | 00916nam a22002535a 4500 | ||
|---|---|---|---|
| 003 | OSt | ||
| 005 | 20180228104300.0 | ||
| 008 | 180228s1993 ku grb 001 0 ara d | ||
| 017 | _a1993 / 2538 | ||
| 040 |
_aEG-ScBUE _bara _cEG-ScBUE |
||
| 082 | 0 | 4 |
_a297.283 _bش ل ب _222 |
| 100 | 1 | _aشلبي، عبد الودود. | |
| 245 | 1 | 0 |
_aحوار صريح بين عبد الله وعبد المسيح / _cعبد الودود شلبي. |
| 250 | _aط. 1. | ||
| 260 |
_aجدة : _bالدار السعودية للنشر والتوزيع، _c1993. |
||
| 300 |
_a271 ص. ؛ _c24 سم. |
||
| 504 | _aيشتمل على إرجاعات ببليوجرافية. | ||
| 650 | 7 |
_aالإسلام والمسيحية. _2BUEsh _911306 |
|
| 650 | 7 |
_aالديانات المقارنة. _2BUEsh _915257 |
|
| 650 | 7 |
_aالإسلام _xدفع مطاعن. _2BUEsh |
|
| 651 | _2BUEsh | ||
| 653 |
_bGGEN _bBUSBOL _cFebruary2018 |
||
| 942 | _2ddc | ||
| 999 |
_c26198 _d26170 |
||